Normal view
MARC view
- HAREESHA T. SHIDENUR
Entry Personal Name
001 - CONTROL NUMBER
- control field: 3596
003 - CONTROL NUMBER IDENTIFIER
- control field: OSt
005 - DATE AND TIME OF LATEST TRANSACTION
- control field: 20181008150021.0
008 - FIXED-LENGTH DATA ELEMENTS
- fixed length control field: 181008|| aca||aabn | a|a d
040 ## - CATALOGING SOURCE
- Original cataloging agency: OSt
- Transcribing agency: OSt
100 ## - HEADING--PERSONAL NAME
- Personal name: HAREESHA T. SHIDENUR
670 ## - SOURCE DATA FOUND
- Source citation: Work cat.: (OSt)14888: HAREESHA T. SHIDENUR, Development and Evaluation of a Jackfruit Peeler Cum Corer
